| 000 | 00628nam a22001937a 4500 | ||
|---|---|---|---|
| 003 | 0 | ||
| 005 | 20251117145703.0 | ||
| 008 | 251117b xxu||||| |||| 00| 0 eng d | ||
| 020 | _a0-86124-036-7 | ||
| 050 |
_aD 740 _b.E53 1990 |
||
| 245 |
_aEncyclopedia of world war II / _cJohn Keegan, general editor. |
||
| 260 |
_aLondon : _bBison Books Ltd, _c1990. |
||
| 300 |
_a256 pages : _billustrations ; _c31 cm. |
||
| 600 |
_aKeegan, John, 1934– _xEditorial work. |
||
| 650 |
_aWorld War, 1939–1945 _xEncyclopedias. |
||
| 650 |
_aWorld War, 1939–1945 _xHistory. |
||
| 650 |
_aMilitary history _xEncyclopedias. |
||
| 942 |
_2lcc _cBK |
||
| 999 |
_c368677 _d368677 |
||